[Event "Dhaka Walton op"]
[Site "Dhaka"]
[Date "2018.05.29"]
[Round "4"]
[White "Mehdi, Hasan Parag"]
[Black "Sohag, Hossain"]
[Result "1-0"]
[WhiteElo "2207"]
[BlackElo "1815"]
[PlyCount "115"]
[EventDate "2018.05.26"]
[EventType "swiss"]
[EventRounds "9"]
[EventCountry "BAN"]
[SourceTitle "CBM 184 Extra"]
[Source "ChessBase"]
[SourceDate "2018.06.28"]
[SourceVersion "1"]
[SourceVersionDate "2018.06.28"]
[SourceQuality "1"]

1. e4 e5 2. Nf3 Nc6 3. Bc4 Bc5 4. c3 Nf6 5. d3 d6 6. 0-0 0-0 7. h3 a6 8. a4 Ba7 9. Re1 Qe7 10. Nbd2 h6 11. Nf1 Kh7 12. Ng3 g6 13. d4 Kg7 14. a5 Ne8 15. Qd2 Rh8 16. d5 Nd8 17. Bd3 Qf6 18. Qe2 Qe7 19. b4 Nf6 20. c4 Rf8 21. Ra2 Ng8 22. Qc2 Qf6 23. Kh2 Qe7 24. Ra3 f6 25. Rc3 c5 26. b5 b6 27. axb6 Bxb6 28. Ra3 a5 29. Bd2 Ra7 30. Rea1 Qc7 31. Ng1 Nb7 32. f4 Bd7 33. N1e2 Be8 34. Rf1 Bf7 35. Bc3 Qe7 36. Ng1 Qd7 37. Be2 Qe7 38. Qd2 Rfa8 39. Nf3 Qc7 40. Ra4 Be8 41. fxe5 fxe5 42. Nxe5 dxe5 43. Qf4 Qe7 44. Bxe5+ Kh7 45. d6 Qe6 46. Bg4 g5 47. Bxe6 gxf4 48. Rxf4 Bg6 49. d7 Nd8 50. Bd5 Nb7 51. Nf5 Rf8 52. Bxg8+ Rxg8 53. Ne7 Rg7 54. Bxg7 Kxg7 55. Rg4 Bc7+ 56. g3 h5 57. Rxg6+ Kf7 58. Ra6 1-0

[Event "Dhaka Walton op"]
[Site "Dhaka"]
[Date "2018.05.27"]
[Round "2"]
[White "Sohag, Hossain"]
[Black "Md Abu, Hanif"]
[Result "1-0"]
[WhiteElo "1815"]
[BlackElo "2024"]
[PlyCount "85"]
[EventDate "2018.05.26"]
[EventType "swiss"]
[EventRounds "9"]
[EventCountry "BAN"]
[SourceTitle "CBM 184 Extra"]
[Source "ChessBase"]
[SourceDate "2018.06.28"]
[SourceVersion "1"]
[SourceVersionDate "2018.06.28"]
[SourceQuality "1"]

1. e4 e6 2. d3 d5 3. Nd2 Nf6 4. Ngf3 Bc5 5. e5 Nfd7 6. d4 Be7 7. Bd3 c5 8. c3 Nc6 9. Bc2 0-0 10. 0-0 f6 11. Re1 fxe5 12. dxe5 b5 13. Nb3 a6 14. Qd3 g6 15. Qe2 Ra7 16. Bh6 Rf7 17. Qe3 c4 18. Nbd4 Nxd4 19. Qxd4 Bc5 20. Qg4 Nf8 21. Rad1 Qb6 22. Re2 Nd7 23. Bxg6 Nf8 24. Bxf7+ Kxf7 25. Ng5+ Kg8 26. Nxe6+ Ng6 27. Rxd5 Bxe6 28. Qe4 Rf7 29. Rdd2 Bf8 30. Be3 Qc7 31. f4 Bf5 32. Qd5 Bd3 33. e6 Rf5 34. Qa8 Qd6 35. g4 Rxf4 36. Bxf4 Qxf4 37. e7 Nxe7 38. Rf2 Qh6 39. g5 Qg7 40. Rf6 Ng6 41. Rdf2 Qe7 42. h4 Qe1+ 43. Kh2 1-0

[Event "Dhaka IRT U2000"]
[Site "Dhaka"]
[Date "2018.02.15"]
[Round "2"]
[White "Gias Uddin, Ahmed"]
[Black "Sohag, Hossain"]
[Result "1-0"]
[WhiteElo "1982"]
[BlackElo "1834"]
[PlyCount "97"]
[EventDate "2018.02.14"]
[EventType "swiss"]
[EventRounds "9"]
[EventCountry "BAN"]
[SourceTitle "EXT 2024"]
[Source "ChessBase"]
[SourceDate "2023.10.10"]
[SourceVersion "1"]
[SourceVersionDate "2023.10.10"]
[SourceQuality "1"]

1. e4 e5 2. Nf3 Nc6 3. Bb5 Nf6 4. d3 d6 5. c3 Bd7 6. h3 Be7 7. Nbd2 0-0 8. Ba4 Qc8 9. Nf1 a6 10. Ne3 b5 11. Bc2 Ne8 12. g4 Rb8 13. Qe2 Bd8 14. Qf1 Ne7 15. Qg2 f6 16. h4 Ng6 17. h5 Nf4 18. Qg3 Qb7 19. Nf5 Ne6 20. Bb3 Kh8 21. N3h4 c5 22. Ng6+ Kg8 23. Bd5 Qb6 24. Nxf8 Kxf8 25. h6 g6 26. Ng7 N8c7 27. Nxe6+ Bxe6 28. Bxe6 Nxe6 29. Be3 b4 30. c4 Rb7 31. b3 Qc6 32. 0-0 g5 33. Qf3 Kg8 34. Qf5 Nf8 35. a3 a5 36. axb4 cxb4 37. Rfc1 Rd7 38. d4 Rf7 39. d5 Qa6 40. c5 dxc5 41. Rxc5 Qe2 42. Rc8 Be7 43. Rxa5 Qd1+ 44. Kg2 Qxb3 45. Ra7 Qb1 46. Rxe7 Rxe7 47. Bc5 Rf7 48. Bxf8 Rxf8 49. Qe6+ 1-0